00377nam a2200169Ia 4500008004100000082000800041082001100049100001900060100001100079245002500090260001000115260001900125260000900144300001500153365002500168650001400193150909s9999 xx 000 0 und d a330 bBAN/FO aBanerjee B N  eAuthor aForeign aid to India aDelhi bAgam prakashan c1977 a368 Pages aRs.92  aEconomics